000 00720nam a2200289Ia 4500
005 20260324123859.0
008 008 260324s9999 xx 000 0 eng d
020 _a9780240815107
037 _aEBOOK
040 _aCRL
040 _beng
040 _cCRL
041 _2eng
041 _aeng
084 _qCRL
100 _aMark Weiser; Richard Harrington
_91172008
245 0 _aProfessional Web Video
245 0 _bPlan, Produce, Distribute, Promote and Monetize Quality Video
260 _bTaylor and Francis
260 _c2011
365 _a
365 _b120
856 _uhttp://www.taylorfrancis.com/books/9780240815107
942 _cEBOOK
999 _c1765899
_d1765899